00741nam a22002297a 450000500170000001000130001702000100003003500130004003700160005304000120006908200290008110000320011024500520014224600330019426000700022727000580029730000510035565000450040665000270045165000210047865000120049920170124103024.0 aA-026375 c16.00 aA-026375 bCen Lib/Ret aDPLbHN aउbशुक्लक  aशुक्ल, कमल  aअसमंजस /cकमल शुक्ल aAsmanjas /bby Kamal Shukla  aदिल्ली bपल्लव प्रकाशन c1981 bदिल्ली aमालीवाडीe110006 a94पृ. c17सेमी(सजिल्द) aहिन्दी साहित्य aउपन्यास  aHindi literature aFiction